UBT Library

Kosovski koraci u edukaciji o ljudskim pravima / (Record no. 359)

000 -LEADER
fixed length control field 00474nam a22001697a 4500
008 - FIXED-LENGTH DATA ELEMENTS--GENERAL INFORMATION
fixed length control field 131126b xxu||||| |||| 00| 0 bos d
041 0# - LANGUAGE CODE
Language code of text/sound track or separate title bos
080 ## - UNIVERSAL DECIMAL CLASSIFICATION NUMBER
Universal Decimal Classification number 347
Common auxiliary subdivision (497)
100 1# - Rafti
Rafti Asllani, Neshad
245 1# - TITLE STATEMENT
Title Kosovski koraci u edukaciji o ljudskim pravima /
Statement of responsibility, etc Neshad Asllani
260 ## -
-- Pejë :
-- KCLJP ;
-- Dukagjini ;
-- 2003.
300 ## -
-- 186 f. :
-- 24 cm.
650 #0 -
-- E drejta civile
650 #0 -
-- Të drejtat e njeriut
700 2# -
-- Honkala, Satu
942 ## - ADDED ENTRY ELEMENTS (KOHA)
Source of classification or shelving scheme
Item type Books
Holdings
Withdrawn status Lost status Source of classification or shelving scheme Damaged status Not for loan Collection code Permanent location Current location Shelving location Date acquired Total Checkouts Full call number Barcode Date last seen Price effective from Koha item type
          Koleksioni i përgjithshem UBT - Prishtine UBT - Prishtine Koleksioni i përgjithshem 11/26/2013   347(497) ASL 001-000477 11/26/2013 11/26/2013 Books
UBT Library © 2015-2024. All rights reserved University Education for Business and Technology